000 00282nam a2200109Ia 4500
008 230320s9999||||xx |||||||||||||| ||spa||
082 _a268/D88.1971
100 _aDominguez, Javiercastineiras, Jaime
245 0 _aFormacion Juvenil En Equipo
260 _bMENSAJERO
942 _80
_cLIB
999 _c38034
_d38034